Harry Potter and the Sorcerer's Stone - Statistics

General Stats
  • This quiz has been taken 81 times
  • The average score is 10 of 10
Answer Stats
Question Answer % Correct
What house was Harry sorted into? Gryffindor
100%
Who is the Chosen One? Harry
100%
What magical creature broke into the school on Halloween? Troll
100%
Who gave Harry his Hogwarts letter? Hagrid
97%
Who was actually the bad guy Quirrell
97%
What happened at Harry's first Quidditch match? Harry caught the snitch in his mouth and they won
94%
Who did Harry sit with on the Hogwarts Express? Ron
94%
Who did Harry think let the troll in the castle Snape
94%
What is under the trap door? Sorcerer's Stone
94%
What broom did Professor Mcgonagall give Harry before his first Quidditch match Nimbus 2000
91%
No matching quizzes found
Score Distribution
Percent of People with Each Score
Percentile by Number Answered
Your Score History
You have not taken this quiz